Loading...
| Current Events | 3 | 23.33 | 100% | 100% | 33% |
| Fine Arts - Classical Music | 7 | 14.29 | 86% | 43% | 14% |
| Fine Arts - Other | 9 | 8.89 | 56% | 33% | 0% |
| Fine Arts - Painting & Sculpture | 9 | 12.22 | 67% | 44% | 11% |
| Geography | 4 | 20.00 | 100% | 75% | 25% |
| History - American | 5 | 16.00 | 100% | 40% | 20% |
| History - European | 7 | 15.71 | 86% | 57% | 14% |
| History - Other | 9 | 11.11 | 100% | 11% | 0% |
| History - World | 7 | 14.29 | 86% | 43% | 14% |
| Literature - American | 5 | 14.00 | 80% | 60% | 0% |
| Literature - British | 5 | 8.00 | 60% | 20% | 0% |
| Literature - European | 10 | 14.00 | 90% | 50% | 0% |
| Literature - World | 11 | 13.64 | 100% | 18% | 18% |
| Mythology | 3 | 6.67 | 67% | 0% | 0% |
| Other Academic | 3 | 20.00 | 100% | 67% | 33% |
| Philosophy | 10 | 18.00 | 100% | 80% | 0% |
| Religion | 7 | 17.14 | 86% | 71% | 14% |
| Science - Biology | 5 | 12.00 | 80% | 20% | 20% |
| Science - Chemistry | 7 | 10.00 | 71% | 14% | 14% |
| Science - Other | 6 | 11.67 | 67% | 50% | 0% |
| Science - Physics | 8 | 11.25 | 100% | 13% | 0% |
| Social Science | 4 | 15.00 | 75% | 75% | 0% |